000 00439nam a2200157Ia 4500
005 20250701022516.0
008 240331s9999 xx 000 0 und d
020 _a9556100156
082 _bABH
_a891
100 _aAbhayasundara,W
245 0 _aAnanda samprawedhithaya
260 _aColombo
_bGovernment printing compression
_c1990
300 _axxxi, 943 p .,
500 _aA Complete works of Poetry - Ananda Sampraveditaya
942 _cL
999 _c4896
_d4896